00932nam a2200289 a 4500008004100000020002100041020002200062020002200084020002200106245007000128246001300198250001200211260004700223300006200270504004100332500002000373505007400393650001300467650002500480650002200505700004700527700001900574700002200593003000100615005001700616040000900633  a0721644619 (set) a0721644627 (v. 1) a0721644635 (v. 2) a0721644643 (v. 3)00aCampbell-Walsh urology /cedited by Patrick C. Walsh ... [et al.]30aUrology. a7th ed. aPhiladelphia :bW.B. Saunders Co.,cc1998. a3 v. (xli, 3432, lxxxix p.) :bill. (some col.) ;c29 cm. aIncludes bibliographical references. aIncludes index.0 av. 1. Pages 1-1154 -- v. 2. Pages 1155-2256 -- v. 3. Pages 2257-3432. 0aUrology. 2aUrogenital Diseases. 2aUrologyxmethods.1 aCampbell, Meredith F.q(Meredith Fairfax). aRetik, Alan B.1 aWalsh, Patrick C.20230120203847.0 cNUST